| 000 | 00463nam a2200157Ia 4500 | ||
|---|---|---|---|
| 008 | 140527s9999 xx 000 0 und d | ||
| 020 | _a9780194756105 | ||
| 050 |
_aPE 112 _b.L486 2011 |
||
| 100 | _aScanlon, Jaimie | ||
| 245 |
_aQ: Skills for success 1 : _blistening and speaking / _cJaimie Scanlon |
||
| 260 |
_aNew York : _bOxford University Press _cc2011. |
||
| 300 |
_a213 p. : _bcol. Ill. ; _c25 cm. |
||
| 521 | _aGE | ||
| 942 |
_kFOR _cBK |
||
| 999 |
_c117512 _d117512 |
||